| 000 | 00787nas a2200265 4500 | ||
|---|---|---|---|
| 001 | BR9803939 | ||
| 003 | BR-BrBNA | ||
| 005 | 20231205100846.0 | ||
| 007 | ta | ||
| 008 | 230509b bl.|||p| |||| 00| 00por d | ||
| 040 |
_aBR-BrBNA _bpor _cBiblioteca Nacional de Agricultura |
||
| 041 | _a(Pt) | ||
| 072 | _aN20 | ||
| 100 | 1 | _aSilva, F.M. | |
| 100 | 1 | _aSantos, A.M. | |
| 100 | 1 | _aBarbosa, C.R.F. | |
| 245 | 1 | _aDesempenho de um motor sob dois sistemas de alimentacao a duplo combustivel: metano e diesel | |
| 650 | _aMotor Diesel | ||
| 650 | _aCombustivel | ||
| 650 | _aMetano | ||
| 650 | _aPerformance | ||
| 773 | 0 |
_tEngenharia Agricola (Brazil) _xISSN 0100-6916 _g(Mar 1998), v. 17(3) p. 93-104 _wBR9803939 |
|
| 909 |
_a202311 _bLúcia _c55 _dLúcia Elande |
||
| 942 |
_2AGRIS _n0 _cANA |
||
| 999 |
_c158479 _d158479 |
||